Państwa na literę L - Statystyki

Ogólne statystyki
  • Ten quiz został rozwiązany 186 372 razy
  • Średni wynik to 5 z 8
Statystyki odpowiedzi
Kraj % Poprawnych
Litwa
85%
Libia
77%
Liban
76%
Luksemburg
76%
Liechtenstein
71%
Laos
64%
Liberia
54%
Lesotho
46%
Nie znaleziono quizów pasujących do podanych kryteriów
Rozkład punktacji
Procent ludzi z każdym wynikiem
Percentyl według liczby udzielonych odpowiedzi
Twoja historia wyników
Nie rozwiązałeś tego quizu